000
00259nam a2200121Ia 4500
100
_a
Sinha/S.N
942
_c
BK
654
_a
Concrete Design
245
_a
Reinforced Concrete Design
260
_b
McGraw Hill
_a
New Delhi
300
_a
708
546
_a
ENGLISH
999
_c
21680
_d
21680